Normal view
MARC view
Entry Personal Name
001 - CONTROL NUMBER
- control field: 3169
003 - CONTROL NUMBER IDENTIFIER
- control field: OSt
005 - DATE AND TIME OF LATEST TRANSACTION
- control field: 20190307152629.0
008 - FIXED-LENGTH DATA ELEMENTS
- fixed length control field: 190307|| aca||aabn | a|a d
040 ## - CATALOGING SOURCE
- Original cataloging agency: OSt
- Transcribing agency: OSt
100 ## - HEADING--PERSONAL NAME
- Personal name: Bihar. Law Deparatment
670 ## - SOURCE DATA FOUND
- Source citation: Work cat.: (OSt): Bihar. Law Deparatment, The Bihar Warehouse Act, 1953 [Bihar Act III of 1954], 1954
